Book Title Explanation Quiz Stats

Quiz Updated Jun 16, 2016

Challenge
Share
Tweet
Embed
Score 0/18 Timer 04:00
2 Plays Today
Question Answer % Correct
THE SCARLET LETTER
What does the Scarlet Letter stand for?
Adultery
74.8%
HARRY POTTER AND THE PRISONER OF AZKABAN
Who is the prisoner of Azkaban?
Sirius Black
72.2%
THE LION, THE WITCH AND THE WARDROBE
Who is the Lion?
Aslan
66.8%
THE HUNT FOR RED OCTOBER
What is the Red October?
Soviet submarine
60.8%
TO KILL A MOCKINGBIRD
Which character utters the title line?
Atticus Finch
59.4%
A TALE OF TWO CITIES
Which two cities?
London & Paris
57.7%
The BFG
What does BFG stand for?
Big Friendly Giant
57.6%
MOBY-DICK
What kind of whale is Moby-Dick?
Sperm whale
55.4%
CRIME AND PUNISHMENT
What was the crime?
Murder
54.8%
Question Answer % Correct
LORD OF THE FLIES
What is the Lord of the Flies?
Sow's head
54.6%
THE LORD OF THE RINGS
Who is the Lord of the Rings?
Sauron
53.3%
IT
Name one of the ways It manifests itself.
Pennywise the Dancing Clown, Spider, Bob Gray...
48.1%
THE THREE MUSKETEERS
Name one of the three.
Athos, Porthos & Aramis
45.1%
GULLIVER'S TRAVELS
Name one of the places Gulliver visits.
Lilliput and Blefuscu, Brobdingnag...
42.1%
CHARLOTTE'S WEB
Name something written in Charlotte's web.
'Some Pig' 'Terrific' 'Radiant' 'Humble'
32.1%
THE CATCHER IN THE RYE
What does Holden Caulfield imagine himself catching?
Children
27.4%
THE WINTER OF OUR DISCONTENT
From what Shakespeare play is the title taken?
Richard III
23.9%
SLAUGHTERHOUSE-FIVE
In which city was Slaughterhouse-Five?
Dresden, Nazi Germany
22.1%

You're not logged in!

Compare scores with friends on all Sporcle quizzes.
Sign Up with Email
OR
Log In

You Might Also Like...

Show Comments

Extras

Top Quizzes Today


Score Distribution

Your Account Isn't Verified!

In order to create a playlist on Sporcle, you need to verify the email address you used during registration. Go to your Sporcle Settings to finish the process.